000 01503cam a2200409 a 4500
001 2565
003 FISKH
005 20240524103947.0
008 020316s2002 nju c 000 1 eng
010 _a 2002103950
020 _a0944210023
020 _a9780439898393
035 _a(DLC) 2002103950
040 _aDLC
_cDLC
_beng
042 _alcac
050 0 0 _aPZ7.S3768
_bLo 2002
082 0 0 _a[Fic]
_222
100 1 _aSchraff, Anne E.
245 1 0 _aLost and found /
_cAnne Schraff.
250 _aThis edition first printing, January 2007
260 _aNew York :
_bScholastic,
_c2002.
300 _a133 pages :
_c18 cm.
505 _aM
520 _aDarcy Wills in is big trouble. And she does not know where to turn for help. First there was the mysterious stranger who started following her. Then there was the threatening note left on her desk at Bluford High School. And now her sister has disappeared. Forced into a desperate race against time, Darcy must take action to save her sister and her fragile family before it is too late.
521 8 _a650
_bLexile
521 8 _aM
_bRaz-Plus
650 1 _aInterpersonal relations
_vFiction.
650 1 _aFamily problems
_vFiction.
650 1 _aHigh schools
_vFiction.
650 1 _aSchools
_vFiction.
650 1 _aAfrican Americans
_vFiction.
650 1 _aMissing persons
_vFiction.
700 _aAnne E. Schraff
906 _a7
_bcbc
_corignew
_d3
_eepcn
_f20
_gy-gencatlg
942 _2ddc
_cBK
_n0
999 _c2565
_d2565